Non Slavic Eastern European Countries - Statistics

General Stats
  • This quiz has been taken 445 times
  • The average score is 10 of 12
Answer Stats
Hint Answer % Correct
Romania
94%
Estonia
88%
Hungary
87%
Latvia
87%
Moldova
87%
Europe/Asia Georgia
85%
Lithuania
85%
Albania
84%
Europe/Asia Armenia
84%
Europe/Asia Azerbaijan
82%
Disputed Kosovo
75%
Europe/Asia Kazakhstan
52%
No matching quizzes found
Score Distribution
Percent of People with Each Score
Percentile by Number Answered
Your Score History
You have not taken this quiz